The forgother ambassador : the reports of John Leighton Stuart, 1946-1949

Bibliographic Details
Main Authors: Brewer, John C. , 1942- (Author), Rea, Kenneth W. (Author)
Format: Book
Published: Boulder, Colorado : Westview Press , c1981
Series:A Westview replica edition
Subjects:

MARC

LEADER 00000cam a2200000 7i4500
001 0000007167
005 20161012093000.0
008 021119s1981
020 |a 0865311579 
090 0 0 |a JX1428.C4   |b F6 
245 0 4 |a The forgother ambassador :   |b the reports of John Leighton Stuart, 1946-1949   |c edited by Kenneth W. Rea, John C. Brewer 
260 2 |a Boulder, Colorado :   |b Westview Press ,   |c c1981 
300 |a 345 p . ;   |c 23cm. 
440 0 2 |a A Westview replica edition 
504 |a Includes bibliographical references (p. 343-345) 
651 0 |a China   |x Foreign relations   |z United States   |x Sources 
651 0 |a United States   |x Foreign relations   |z China   |v Sources 
700 0 |a Brewer, John C. ,   |d 1942- ,   |e author 
700 0 |a Rea, Kenneth W. ,   |e author 
999 |a 1000022031   |b Book   |c OPEN SHELF (30 DAYS)   |e Gong Badak Campus